000
00295nam a22001337a 4500
008
181019b xxu||||| |||| 00| 0 eng d
020
_a
9780520026131
041
_a
eng
080
_a
701
100
_a
45
101
_a
ART
245
_a
Art and Visual Perception
_c
Arnheim, R
942
_2
udc
_c
BK
999
_c
50263
_d
50263